The applicability of organizational sociology
Guardat en:
| Autor principal: | |
|---|---|
| Format: | Llibre |
| Idioma: | anglès |
| Publicat: |
Londres
Cambridge University Press
1972
|
| Matèries: | |
| Etiquetes: |
Afegir etiqueta
Sense etiquetes, Sigues el primer a etiquetar aquest registre!
|
MARC
| LEADER | 00000nam a2200000 a 4500 | ||
|---|---|---|---|
| 001 | UCQ0460 | ||
| 003 | CL-VaPUC | ||
| 008 | 980627e19720000UK |||||||||||||||||eng|d | ||
| 082 | 0 | 4 | |a 302 |b ARG |2 21 |
| 100 | 0 | |a Argyris, Chris |e author |9 413711 | |
| 245 | 1 | 4 | |a The applicability of organizational sociology |
| 300 | |a 138 p | ||
| 942 | |c BK | ||
| 945 | |d 19980627 00:00:00 |a crobeson | ||
| 260 | |a Londres |b Cambridge University Press |c 1972 | ||
| 650 | 0 | |a Psicología social |9 222894 | |
| 650 | 0 | |a Comportamiento social |9 334200 | |
| 650 | 7 | |a ESTRUCTURA SOCIAL |2 CL-VaPUC |9 413712 | |
| 650 | 0 | |a Procesos sociales |9 337802 | |
| 650 | 7 | |a SOCIOLOGIA INDUSTRIAL |2 CL-VaPUC |9 307184 | |
| 650 | 0 | |a Organizaciones |9 337993 | |
| 583 | |a last modification |c 19980627 00:00:00 |k Rodrigo Vera | ||
| 999 | |c 271589 |d 271587 | ||
| 952 | |0 0 |1 0 |4 0 |6 302_000000000000000_ARG_1972 |7 0 |8 P |9 306283 |a BIBENE |b BIBENE |d 2019-11-20 |i 142730K |o 302 ARG 1972 |p 142730K |r 2025-01-15 |w 2019-11-20 |y BK |k ICO | ||